| 000 | 00765nam a2200241Ia 4500 | ||
|---|---|---|---|
| 003 | GCL | ||
| 008 | 140319s9999 xx 000 0 ara d | ||
| 040 |
_aGCL / _cGCL |
||
| 082 | 0 | 4 |
_a155.4 _bو م |
| 100 | 1 | _aمحمد عبدالظاهر الطيب | |
| 245 | 1 | 0 |
_aمخاوف الاطفال / _cمحمد عبدالظاهر الطيب |
| 700 | 1 | _aعبدالعزيز القوصى | |
| 700 | 1 | _aوولمان، ب . ب | |
| 260 |
_a[S.N] : _bدار المعارف ، _c1995 |
||
| 300 |
_a205 ص ؛ _c24سم |
||
| 650 | 0 | 4 | _aالاطفال |
| 650 | 0 | 4 | _aعلم النفس |
| 650 | 0 | 4 | _aالاضطرابات النفسية |
| 650 | 0 | 4 | _aالانفعالات النفسية |
| 650 | 0 | 4 | _aالخوف |
| 650 | 0 | 4 | _aالاطفال - مخاوف |
| 942 |
_2ddc _cBK |
||
| 999 |
_c48876 _d48876 |
||